<?xml version="1.0" encoding="UTF-8"?>
<record
    xmlns:xsi="http://www.w3.org/2001/XMLSchema-instance"
    xsi:schemaLocation="http://www.loc.gov/MARC21/slim http://www.loc.gov/standards/marcxml/schema/MARC21slim.xsd"
    xmlns="http://www.loc.gov/MARC21/slim">

  <leader>01877nam a2200313 i 4500</leader>
  <controlfield tag="003">DO-SdBNP</controlfield>
  <controlfield tag="005">20230724124521.0</controlfield>
  <controlfield tag="007">ta</controlfield>
  <controlfield tag="008">201105e2018   2dr acr grb c  001 0dspa d</controlfield>
  <datafield tag="020" ind1=" " ind2=" ">
    <subfield code="a">9789945906745</subfield>
  </datafield>
  <datafield tag="040" ind1=" " ind2=" ">
    <subfield code="a">DO-SdBNP</subfield>
    <subfield code="b">spa</subfield>
    <subfield code="c">BNPHU</subfield>
    <subfield code="e">rda</subfield>
  </datafield>
  <datafield tag="082" ind1=" " ind2="4">
    <subfield code="a">923.2</subfield>
    <subfield code="b">P438m</subfield>
    <subfield code="2">22</subfield>
  </datafield>
  <datafield tag="245" ind1="0" ind2="4">
    <subfield code="a">La mujer dominicana en la C&#xE1;mara de Diputados : </subfield>
    <subfield code="b">semblanzas de las mujeres que han sido diputadas durante el per&#xED;odo 1942 - 2016 /</subfield>
    <subfield code="c">editor,  Modesto Cuesta Soriano ;  coordinadora general, Yarisabel Marmolejos.</subfield>
  </datafield>
  <datafield tag="264" ind1=" " ind2=" ">
    <subfield code="a">Santo Domingo :</subfield>
    <subfield code="b">Camara de Diputados de la Rep&#xFA;blica Dominicana, </subfield>
    <subfield code="c">2018.</subfield>
  </datafield>
  <datafield tag="300" ind1=" " ind2=" ">
    <subfield code="a">647 p&#xE1;ginas :</subfield>
    <subfield code="b">ilustraciones, mapas, gr&#xE1;ficos, retratos ; </subfield>
    <subfield code="c">26 cm. </subfield>
  </datafield>
  <datafield tag="336" ind1=" " ind2=" ">
    <subfield code="2">rdacontent</subfield>
    <subfield code="a">texto</subfield>
    <subfield code="b">txt</subfield>
  </datafield>
  <datafield tag="337" ind1=" " ind2=" ">
    <subfield code="2">rdamedia</subfield>
    <subfield code="a">sin mediaci&#xF3;n</subfield>
    <subfield code="b">n</subfield>
  </datafield>
  <datafield tag="338" ind1=" " ind2=" ">
    <subfield code="2">rdacarrier</subfield>
    <subfield code="a">volumen</subfield>
    <subfield code="b">nc</subfield>
  </datafield>
  <datafield tag="504" ind1=" " ind2=" ">
    <subfield code="a">Bibliograf&#xED;a : p. 646-647</subfield>
  </datafield>
  <datafield tag="505" ind1=" " ind2=" ">
    <subfield code="a">Palabra de Rub&#xE9;n Maldonado, presidente de la C&#xE1;mara de Diputados </subfield>
    <subfield code="t">La mujer dominicana en la C&#xE1;mara de Diputados. Semblanzas de las mujeres que han sido diputadas durante el per&#xED;odo 1942 - 2016 --</subfield>
    <subfield code="r">Delia Blanco  --</subfield>
    <subfield code="t">La evoluci&#xF3;n de la mujer en la  C&#xE1;mara de Diputados --</subfield>
    <subfield code="r">Flor Esmirna Batista Polo </subfield>
    <subfield code="t">La participacion de la mujer en la C&#xE1;mara de Diputados desde la perspectiva de la equidad de genero --</subfield>
    <subfield code="r">Magda Rodr&#xED;guez </subfield>
    <subfield code="t">Exordio --</subfield>
    <subfield code="r">Karen Ricardo </subfield>
    <subfield code="t">Reflexiones y testimonios --</subfield>
    <subfield code="r">Ginette Bournigal </subfield>
    <subfield code="t">De la autoras --</subfield>
  </datafield>
  <datafield tag="590" ind1=" " ind2=" ">
    <subfield code="a">Inventariado, 2020 /LP</subfield>
  </datafield>
  <datafield tag="650" ind1=" " ind2="4">
    <subfield code="a">Mujeres en la pol&#xED;tica</subfield>
    <subfield code="z">Rep&#xFA;blica  Dominicana</subfield>
    <subfield code="v">Biograf&#xED;as</subfield>
    <subfield code="9">78818</subfield>
    <subfield code="y">1942-2016</subfield>
  </datafield>
  <datafield tag="650" ind1=" " ind2="4">
    <subfield code="a">Pol&#xED;ticos </subfield>
    <subfield code="z">Rep&#xFA;blica  Dominicana</subfield>
    <subfield code="v">Biograf&#xED;as</subfield>
    <subfield code="9">6328</subfield>
    <subfield code="y">1942-2016</subfield>
  </datafield>
  <datafield tag="700" ind1="1" ind2=" ">
    <subfield code="a">Cuesta Soriano, Modesto,</subfield>
    <subfield code="e">editor</subfield>
    <subfield code="9">77667</subfield>
  </datafield>
  <datafield tag="700" ind1="1" ind2=" ">
    <subfield code="a">Marmolejos,  Yarisabel </subfield>
    <subfield code="e">coordinador</subfield>
    <subfield code="9">80840</subfield>
  </datafield>
  <datafield tag="710" ind1="2" ind2=" ">
    <subfield code="a">Camara de Diputados de la Rep&#xFA;blica Dominicana</subfield>
    <subfield code="9">57997</subfield>
  </datafield>
  <datafield tag="910" ind1=" " ind2=" ">
    <subfield code="a">Lop&#xE9;rez.Validado Control de calidad MFF</subfield>
  </datafield>
  <datafield tag="942" ind1=" " ind2=" ">
    <subfield code="2">ddc</subfield>
    <subfield code="c">LBS1</subfield>
  </datafield>
  <datafield tag="952" ind1=" " ind2=" ">
    <subfield code="0">0</subfield>
    <subfield code="1">0</subfield>
    <subfield code="2">ddc</subfield>
    <subfield code="5">1</subfield>
    <subfield code="7">0</subfield>
    <subfield code="8">DS-R</subfield>
    <subfield code="a">BNPHU</subfield>
    <subfield code="b">BNPHU</subfield>
    <subfield code="c">HD</subfield>
    <subfield code="d">2020-11-05</subfield>
    <subfield code="e">Donado por Nelson Aquino </subfield>
    <subfield code="o">BNPHU R-PD 923.2  P438m</subfield>
    <subfield code="p">2021-1343</subfield>
    <subfield code="r">2020-11-05</subfield>
    <subfield code="w">2020-11-05</subfield>
    <subfield code="y">LBS1</subfield>
  </datafield>
  <datafield tag="952" ind1=" " ind2=" ">
    <subfield code="0">0</subfield>
    <subfield code="1">0</subfield>
    <subfield code="2">ddc</subfield>
    <subfield code="5">6</subfield>
    <subfield code="7">0</subfield>
    <subfield code="8">DS-R</subfield>
    <subfield code="a">BNPHU</subfield>
    <subfield code="b">BNPHU</subfield>
    <subfield code="c">HD</subfield>
    <subfield code="d">2016-09-12</subfield>
    <subfield code="e">Dep&#xF3;sito Legal </subfield>
    <subfield code="o">BNPHU R-DS 923.2 P438m</subfield>
    <subfield code="p">2021-25905</subfield>
    <subfield code="r">2021-09-28</subfield>
    <subfield code="t">e.3</subfield>
    <subfield code="w">2021-09-28</subfield>
    <subfield code="y">LBS1</subfield>
  </datafield>
  <datafield tag="952" ind1=" " ind2=" ">
    <subfield code="0">0</subfield>
    <subfield code="1">0</subfield>
    <subfield code="2">ddc</subfield>
    <subfield code="5">1</subfield>
    <subfield code="7">0</subfield>
    <subfield code="8">DS-R</subfield>
    <subfield code="a">BNPHU</subfield>
    <subfield code="b">BNPHU</subfield>
    <subfield code="c">HD</subfield>
    <subfield code="d">2018-09-12</subfield>
    <subfield code="e">Dep&#xF3;sito Legal </subfield>
    <subfield code="o">BNPHU R-PD 923.2 P438m</subfield>
    <subfield code="p">2021-25903</subfield>
    <subfield code="r">2021-09-28</subfield>
    <subfield code="t">e.2</subfield>
    <subfield code="w">2021-09-28</subfield>
    <subfield code="y">LBS1</subfield>
  </datafield>
  <datafield tag="952" ind1=" " ind2=" ">
    <subfield code="0">0</subfield>
    <subfield code="1">0</subfield>
    <subfield code="2">ddc</subfield>
    <subfield code="5">6</subfield>
    <subfield code="7">0</subfield>
    <subfield code="8">DS-R</subfield>
    <subfield code="a">BNPHU</subfield>
    <subfield code="b">BNPHU</subfield>
    <subfield code="c">HD</subfield>
    <subfield code="d">2018-09-12</subfield>
    <subfield code="e">Dep&#xF3;sito Legal </subfield>
    <subfield code="o">BNPHU R-DS 923.2 P438m</subfield>
    <subfield code="p">2021-25904</subfield>
    <subfield code="r">2021-09-28</subfield>
    <subfield code="t">e.4</subfield>
    <subfield code="w">2021-09-28</subfield>
    <subfield code="y">LBS1</subfield>
  </datafield>
  <datafield tag="952" ind1=" " ind2=" ">
    <subfield code="0">0</subfield>
    <subfield code="1">0</subfield>
    <subfield code="2">ddc</subfield>
    <subfield code="5">6</subfield>
    <subfield code="7">0</subfield>
    <subfield code="8">DS-R</subfield>
    <subfield code="a">BNPHU</subfield>
    <subfield code="b">BNPHU</subfield>
    <subfield code="c">HD</subfield>
    <subfield code="d">2023-07-24</subfield>
    <subfield code="e">Donaci&#xF3;n</subfield>
    <subfield code="l">0</subfield>
    <subfield code="o">BNPHU R-DS 923.2 P438m</subfield>
    <subfield code="p">2023-5038</subfield>
    <subfield code="r">2023-07-24</subfield>
    <subfield code="t">e.5</subfield>
    <subfield code="w">2023-07-24</subfield>
    <subfield code="y">LBS1</subfield>
  </datafield>
  <datafield tag="999" ind1=" " ind2=" ">
    <subfield code="c">49088</subfield>
    <subfield code="d">49088</subfield>
  </datafield>
</record>
